00345nam a2200133Ia 4500003000400000008004100004040001600045082002700061245004300088260002800131490000500159650001900164650002800183GCL140319s9999 xx 000 0 ara d aGCL / cGCL04aكاسيتb375bك ا10aكونشرتو البيانو رقم 1 a[S.N] : bلا يوجد a04aالاغانى04aشرائط كاسيت